Ingeniería de software orientado a objetos
Guardat en:
| Autors principals: | , |
|---|---|
| Format: | Llibre |
| Idioma: | espanyol |
| Publicat: |
Ciudad de México
Pearson Educación
2002
|
| Matèries: | |
| Etiquetes: |
Afegir etiqueta
Sense etiquetes, Sigues el primer a etiquetar aquest registre!
|
MARC
| LEADER | 00000nam a2200000 a 4500 | ||
|---|---|---|---|
| 001 | UCM7545 | ||
| 003 | CL-VaPUC | ||
| 008 | 021227e20020000MX |||||||||||||||||spa|d | ||
| 020 | |a 9702600103 | ||
| 082 | 0 | 4 | |a 005.117 |b BRU |2 21 |
| 100 | 0 | |a Bruegge, Bernd |e author |9 473184 | |
| 700 | 0 | |a Dutoit, Allen H |e author |9 473185 | |
| 245 | 1 | 0 | |a Ingeniería de software orientado a objetos |
| 300 | |a 553 p | ||
| 942 | |c BK | ||
| 945 | |d 20021227 00:00:00 |a vberengu | ||
| 260 | |a Ciudad de México |b Pearson Educación |c 2002 | ||
| 650 | 7 | |a INGENIERIA DE SOFTWARE ASISTIDO POR COMPUTADOR |2 CL-VaPUC |9 454122 | |
| 650 | 0 | |a Ingeniería de software |9 263866 | |
| 650 | 0 | |a Programación orientada al objeto |9 387863 | |
| 583 | |a last modification |c 20021227 00:00:00 |k Rodrigo Vera | ||
| 999 | |c 302306 |d 302304 | ||